Les 15 meilleures Centre commerciaux du Québec - Statistiques

Statistiques générales
  • Ce quiz a été pris 22 fois
  • Le résultat moyen est 3 sur 15
Statistiques - réponses
Top Centres commerciaux % Correct
6 Les Galeries de la Capitale
61%
7 Laurier
56%
8 Place Ste-Foy
44%
12 Galeries d’Anjou
33%
13 Place Versailles
22%
5 Centre Eaton
17%
10 Les Rivières
17%
3 Centropolis
11%
4 Quartier DIX30
11%
9 Centre Laval
6%
2 Complexe Desjardins
6%
15 Place Ville Marie
6%
14 Centre Rockland
0%
11 Les Promenades Gatineau
0%
1 Ville souterraine
0%
Aucun quiz correspondant
Distribution des résultats
% des personnes avec chaque résultat
Percentile par nombre de réponses
Votre historique - résultats
Vous n’avez pas pris ce quiz